| 000 | 00667nam a22002057a 4500 | ||
|---|---|---|---|
| 005 | 20140925122504.0 | ||
| 010 | _aENG-110913 | ||
| 020 |
_a9788192958217 _c620.00 |
||
| 035 | _aEN-94445 | ||
| 037 | _bDBAD/PUB | ||
| 082 | _a363.738740954 | ||
| 100 | _aRam Bharose | ||
| 245 |
_aClimate change and environment / _cby Ram Bharose [and] Jahanara |
||
| 260 |
_aNew Delhi _bGyan Geeta Prakashan _c2014 |
||
| 270 |
_aF-7, Gali no. 1, Panchsheel Garden Ext. Naveen Shahdara _bNew Delhi _e110032 |
||
| 300 |
_a312p. _c22cm(Hb) |
||
| 500 | _aIncludes bibliographical references and index | ||
| 700 | _aJahanara | ||
| 942 |
_2ddc _cEN _mRAM _h363.738740954 |
||
| 999 |
_c88831 _d88831 |
||